000
00288 a2200121 4500
999
_c
12412
_d
12412
003
OSt
008
240116b ||||| |||| 00| 0 eng d
020
_a
9782953808179
082
_a
720.92
100
_a
Rasmus Fenhann
_d
1999-2022
245
_a
Honeycombs and Pyramids: Works
942
_2
ddc